000
00340 a2200157 4500
001
192897
020
_a
978-85-16-08566-7
040
_c
Magnum
100
_a
Carrasco, Walcyr
240
1
0
_a
Anjo de quatro patas
_l
por
245
1
0
_a
Anjo de quatro patas
300
_a
184
362
0
_a
2013
697
_a
LITERATURA JUVENIL
942
_c
BK
999
_c
192897
_d
192897